000 01822cam a22004574i 4500
003 PE-LiUPU
005 20250731172913.0
008 150617s r 000 0 d
035 _a(Sirsi) a16983
040 _aPE-LiUPU
_bspa
_cPE-LiUPU
_erda
049 _aPRUA
082 0 4 _a290
_bB66
_221
100 1 _aPinard de la Boullaye, H.,
_eautor.
245 1 0 _aEstudio comparado de las religiones: ensayo crítico :
_bSus métodos.
_n2 /
_cedición refundida y puesta al día por H. Pinard de la Boullaye, S.J. ; versión de la refundición por Carlos G. Goldaraz, S.J. hecha sobre la primera traducción de lorentino G. de Andoain y Teodoro Martinez.
264 1 _aBarcelona :
_bJuan Flores,
_c1964.
300 _a665 páginas lám. ;
_c25 cm.
336 _atext
_2rdacontent
337 _aunmediated
_2rdamedia
338 _avolume
_2rdacarrier
504 _aIncluye bibliografía.
505 0 _aNociones generales y principios. -Método comparativo. -Método antropológico antiguo. -Nuevo método antropológico. -Métodos psicológicos. -Método sociológico. -Conclusiones generales.
526 _aSEG42
526 _aSEG41
526 _aSEG40
526 _aSEG39
526 _aP94
526 _aP87
526 _aP86
526 _aP85
526 _aP77
526 _aP76
526 _aP35
650 0 4 _aReligiones
_xHistoria.
910 _ajck
_bjvq
_cjck
_d20150616
942 _2ddc
_cBOOK
949 _a290 B66 2
_wDEWEY
_c1
_i07541
_lCCODEBUL1
_mBUL
_p00.00
_r0
_sY
_tBOOK
_u2015-04-21
_xTEOLOGIA
_PP35
_0COMPRA
_o.STAFF. Colección General
994 _aC0
_bPEPRU
596 _a1
999 _a290 B66 2
_wDEWEY
_c16511
_i07541
_f2019-12-11
_g4
_lCCODEBUL1
_mBUL
_r1
_sY
_tBOOK
_u2015-4-21
_xUNKNOWN
_PP35
_0COMPRA
_o.STAFF. Colección General
_d16511
980 _81
_gALBERTO SANCHEZ Responsable de Automatización